The Chartists Popular Politics in the Industrial Revolution (Record no. 2989)

MARC details
000 -LEADER
fixed length control field 00359nam a22001337a 4500
008 - FIXED-LENGTH DATA ELEMENTS--GENERAL INFORMATION
fixed length control field 250414b |||||||| |||| 00| 0 eng d
020 ## - INTERNATIONAL STANDARD BOOK NUMBER
ISBN 0704505193
100 ## - MAIN ENTRY--AUTHOR
Author THOMPSON Dorothy
245 ## - TITLE STATEMENT
Title The Chartists Popular Politics in the Industrial Revolution
260 ## - PUBLICATION, DISTRIBUTION, ETC. (IMPRINT)
Place of publication England
Name of publisher Wildwood House
Date of publication 1984
300 ## - COLLATION
Pagination 399p.
942 ## - ADDED ENTRY ELEMENTS (KOHA)
Item type Books
050 ## - LIBRARY OF CONGRESS CALL NUMBER
Classification number HD8396
Item number .TH6
Holdings
Source of classification or shelving scheme Not for loan Permanent location Current location Date acquired Accession No. Full call number Barcode. Koha item type
Library of Congress Classification   Samuel Ogbemudia Main Library, University of Abuja Samuel Ogbemudia Main Library, University of Abuja 04/14/2025 91/001826 HD8396.TH6 2025-1355 Books